00485nam a2200169Ia 4500008004100000040001900041041001200060082002300072245004900095260002600144300001800170440004400188504001900232650002400251700002200275850001800297131103s9999 xx 000 0 und d aLoreto College aEnglish a820/FORbLCBkB/E85 aFrom Dickens to Hardycedited by Borris Ford aLondonbPenguinc1958 aV.6 c 20 cm. aThe pelican guide to english literature aIncludes index aEnglish literature  aFord, Borris, ed. aLCBkB/820/FOR